| 000 | 01400nam a2200373 a 4500 | ||
|---|---|---|---|
| 001 | ebr10522043 | ||
| 003 | CaPaEBR | ||
| 006 | m u | ||
| 007 | cr cn||||||||| | ||
| 008 | 090205s2008 enka sb 001 0deng d | ||
| 010 | _z 2009275425 | ||
| 020 | _z9781845115487 (pbk.) | ||
| 020 | _z1845115481 (pbk.) | ||
| 020 | _z9780857720344 (e-book) | ||
| 040 |
_aCaPaEBR _cCaPaEBR |
||
| 035 | _a(OCoLC)778432345 | ||
| 050 | 1 | 4 |
_aBF173.L14623 _bL48 2008eb |
| 082 | 0 | 4 |
_a150.19/5092 _222 |
| 100 | 1 | _aLevine, Steven Z. | |
| 245 | 1 | 0 |
_aLacan reframed _h[electronic resource] : _ba guide for the arts student / _cSteven Z. Levine. |
| 260 |
_aLondon : _bI.B. Tauris, _c2008. |
||
| 300 |
_axvii, 150 p. : _bill. |
||
| 490 | 1 | _aContemporary thinkers reframed series | |
| 504 | _aIncludes bibliographical references and index. | ||
| 533 |
_aElectronic reproduction. _bPalo Alto, Calif. : _cebrary, _d2013. _nAvailable via World Wide Web. _nAccess may be limited to ebrary affiliated libraries. |
||
| 600 | 1 | 0 |
_aLacan, Jacques, _d1901-1981. |
| 650 | 0 | _aArt and philosophy. | |
| 650 | 0 | _aGaze. | |
| 650 | 0 | _aPsychoanalysis and art. | |
| 655 | 7 |
_aElectronic books. _2local |
|
| 710 | 2 | _aebrary, Inc. | |
| 830 | 0 | _aContemporary thinkers reframed series. | |
| 856 | 4 | 0 |
_uhttp://site.ebrary.com/lib/rucke/Doc?id=10522043 _zAn electronic book accessible through the World Wide Web; click to view |
| 999 |
_c238349 _d238349 |
||